000 00612nam a22002057a 4500
003 NUST - PNEC
005 20170116181202.0
008 160217b xxu||||| |||| 00| 0 eng d
020 _a9789380298252
040 _cLIBRARY
082 _a512 BAL
100 _916493
_aBali , N. P.
245 _aGolden Algebra
_cN. P. Bali
250 _a-
260 _aNew Delhi:
_bFirewall Media
_cc.2011
300 _a368 pages
650 _916491
_aAlgebra
_xME
856 _uhttp://www.amazon.com/Golden-Algebra-N-P-Bali/dp/9380298250/ref=sr_1_1?ie=UTF8&qid=1455709450&sr=8-1&keywords=9789380298252
942 _2ddc
_cBK
999 _c71505
_d71505